Normal view
MARC view
- Farina, Marco
Entry Personal Name
001 - CONTROL NUMBER
- control field: 96261
003 - CONTROL NUMBER IDENTIFIER
- control field: NUST
005 - DATE AND TIME OF LATEST TRANSACTION
- control field: 20220802124020.0
008 - FIXED-LENGTH DATA ELEMENTS
- fixed length control field: 220802|| aca||aabn | a|a d
040 ## - CATALOGING SOURCE
- Original cataloging agency: NUST
- Transcribing agency: NUST
100 ## - HEADING--PERSONAL NAME
- Personal name: Farina, Marco
670 ## - SOURCE DATA FOUND
- Source citation: Work cat.: (NUST)175494: Rozzi, T. 96259, Advanced electromagnetic analysis of passive and active planar structures /, 1999.
